[Event "BRA-ch U16"]
[Site "Sao Paulo"]
[Date "2012.05.01"]
[Round "7"]
[White "Oliveira, Nata Felipe Batista"]
[Black "Goncalves, Ruan Lucas Alves"]
[Result "1-0"]
[WhiteElo "1800"]
[BlackElo "1842"]
[PlyCount "101"]
[EventDate "2012.04.28"]
[EventType "swiss"]
[EventRounds "7"]
[EventCountry "BRA"]
[SourceTitle "CBM 148 Extra"]
[Source "ChessBase"]
[SourceDate "2012.06.22"]
[SourceVersion "1"]
[SourceVersionDate "2012.06.22"]
[SourceQuality "1"]

1. d4 Nf6 2. c4 g6 3. Nc3 Bg7 4. e4 d6 5. Bd3 0-0 6. Nge2 e5 7. d5 a5 8. 0-0 Nh5 9. f4 exf4 10. Bxf4 Nxf4 11. Rxf4 Nd7 12. Qc2 Ne5 13. Ng3 Bh6 14. Rff1 Ng4 15. Rf3 Qh4 16. Nf1 Bg7 17. Ne2 Ne5 18. Rg3 f5 19. Rh3 Qg5 20. Rg3 Qe7 21. exf5 Nxd3 22. Qxd3 Bxf5 23. Qd2 Be5 24. Re3 Qg7 25. Rb3 b6 26. a4 Rf6 27. Nfg3 Bd7 28. Ne4 h6 29. N4c3 Raf8 30. Ng3 Rf2 31. Qxf2 Rxf2 32. Kxf2 Bd4+ 33. Ke2 Qe5+ 34. Nce4 Bf5 35. Kd3 Bxb2 36. Rd1 Qd4+ 37. Kc2 Bxe4+ 38. Nxe4 Qxe4+ 39. Kxb2 Qxg2+ 40. Ka3 Qxh2 41. Re3 Qf4 42. Rde1 Qxc4 43. Re8+ Kf7 44. R1e6 Qc5+ 45. Kb2 Qf2+ 46. Kc3 h5 47. R6e7+ Kf6 48. Rf8+ Kxe7 49. Rxf2 Kd7 50. Rg2 c6 51. Kd4 1-0